000
00270nam a2200109 a 4500
005
20140414132035.0
008
110322s19uu xx 00 eng d
050
_a
TR
_b
On2 1996
100
_a
Medearis, Angela Shelf
245
_a
The 100th day of school.
999
_c
113697
_d
113697